000 00679nam a2200253Ia 4500
008 170203s9999 xx 000 0 und d
020 _a97897100121
050 _a332.024
050 _b.Sa55c 2010
100 _aSanchez, Bo.
245 _a8 Habits of the happy millionaire :
245 _bcreate your wealth God's way /
245 _cBo Sanchez
260 _aQuezon City :
260 _bShepherd's Voice Publications, Inc.
260 _c2010
300 _a151 pages :
300 _c21 cm.
500 _aFormerly entitled Choose to be Wealthy
650 _a Home and school.
650 _a Readiness for school.
650 _ahappiness.
650 _awealth.
999 _c305439
_d305439